[Event "Wch Blitz"]
[Site "St Petersburg"]
[Date "2018.12.29"]
[Round "11"]
[White "Al Thebaiti, Ahmed M"]
[Black "Masrahi, Abdulrahman A"]
[Result "1-0"]
[WhiteElo "1976"]
[BlackElo "1903"]
[PlyCount "83"]
[EventDate "2018.12.29"]
[EventType "swiss (blitz)"]
[EventRounds "21"]
[EventCountry "RUS"]
[SourceTitle "CBM 187 Extra"]
[Source "ChessBase"]
[SourceDate "2018.11.04"]
[SourceVersion "1"]
[SourceVersionDate "2018.11.04"]
[SourceQuality "1"]

1. Nf3 d5 2. e3 Nf6 3. b3 Bf5 4. c4 e6 5. Bb2 Be7 6. Nc3 h6 7. Be2 c6 8. 0-0 0-0 9. Re1 Nbd7 10. d4 Bd6 11. cxd5 exd5 12. Rc1 Qe7 13. Bf1 Rfe8 14. Qd2 Bb4 15. Qd1 Ne4 16. Bd3 Bg6 17. Rf1 f5 18. Nb1 Bd6 19. a3 Rf8 20. b4 a6 21. Nc3 Rae8 22. Na4 Bh5 23. Nc5 Ndxc5 24. bxc5 Bb8 25. Rb1 Qc7 26. g3 Bxf3 27. Qxf3 Nd2 28. Qe2 Nxb1 29. Rxb1 Qe7 30. Bc3 Rf7 31. Qh5 Qf6 32. Ba5 Qg5 33. Qf3 f4 34. h4 Qf6 35. Qxf4 Qxf4 36. gxf4 Bc7 37. Bxc7 Rxc7 38. Kh2 Rf7 39. Bg6 Rfe7 40. Bxe8 Rxe8 41. Rxb7 Re6 42. Rb6 1-0

[Event "Wch Blitz"]
[Site "St Petersburg"]
[Date "2018.12.29"]
[Round "4"]
[White "Al Thebaiti, Ahmed M"]
[Black "Zaitsev, Alexander"]
[Result "1/2-1/2"]
[WhiteElo "1976"]
[BlackElo "2473"]
[PlyCount "91"]
[EventDate "2018.12.29"]
[EventType "swiss (blitz)"]
[EventRounds "21"]
[EventCountry "RUS"]
[SourceTitle "CBM 187 Extra"]
[Source "ChessBase"]
[SourceDate "2018.11.04"]
[SourceVersion "1"]
[SourceVersionDate "2018.11.04"]
[SourceQuality "1"]

1. d4 Nf6 2. Bf4 d5 3. e3 e6 4. Nd2 c5 5. c3 Nc6 6. Ngf3 Bd6 7. Bg3 0-0 8. Bd3 b6 9. 0-0 Bb7 10. Ne5 Ne7 11. Qe2 Nf5 12. a4 Nxg3 13. hxg3 Qc7 14. f4 Ne4 15. Bxe4 dxe4 16. a5 f6 17. a6 Bd5 18. c4 fxe5 19. fxe5 Bc6 20. exd6 Qxd6 21. Nb3 Qxg3 22. dxc5 bxc5 23. Nxc5 Qe5 24. Nb3 Rab8 25. Nd4 Bd7 26. b3 Qg5 27. Rxf8+ Rxf8 28. Rf1 Rxf1+ 29. Kxf1 e5 30. Nb5 Bg4 31. Qd2 h6 32. Nd6 Qh4 33. Nxe4 Bf5 34. Qd5+ Kh7 35. Nf6+ Qxf6 36. Qf3 Qxa6 37. Qxf5+ Kg8 38. Qxe5 Qb6 39. Qd5+ Kh8 40. c5 Qb5+ 41. Kg1 Qb4 42. c6 Qe1+ 43. Kh2 Qh4+ 44. Kg1 Qe1+ 45. Kh2 Qh4+ 46. Kg1 1/2-1/2

[Event "Wch Blitz"]
[Site "St Petersburg"]
[Date "2018.12.29"]
[Round "5"]
[White "Mamatov, Melis"]
[Black "Al Thebaiti, Ahmed M"]
[Result "1-0"]
[WhiteElo "2223"]
[BlackElo "1976"]
[PlyCount "95"]
[EventDate "2018.12.29"]
[EventType "swiss (blitz)"]
[EventRounds "21"]
[EventCountry "RUS"]
[SourceTitle "CBM 187 Extra"]
[Source "ChessBase"]
[SourceDate "2018.11.04"]
[SourceVersion "1"]
[SourceVersionDate "2018.11.04"]
[SourceQuality "1"]

1. e4 c6 2. d4 d5 3. Nd2 dxe4 4. Nxe4 Nf6 5. Ng3 h5 6. Nf3 h4 7. Ne2 h3 8. Ng3 hxg2 9. Bxg2 e6 10. Bf4 Bd6 11. Bxd6 Qxd6 12. Qd2 Nbd7 13. 0-0-0 Nb6 14. Qg5 Rh7 15. Rhe1 Qd5 16. Qxd5 cxd5 17. Nf5 Ne4 18. Ng3 Nxf2 19. Rd2 Ng4 20. h3 Nh6 21. b3 Kf8 22. Rde2 Bd7 23. Kb2 Rc8 24. Rf2 Kg8 25. a4 a5 26. Ne5 Bc6 27. Ref1 Rc7 28. Nd3 Be8 29. Re1 Rc8 30. Nc5 Rb8 31. Nd3 g6 32. Rg1 Kf8 33. Re1 Kg8 34. Ne5 Nf5 35. Nxf5 gxf5 36. Rg1 Kf8 37. Re1 Ke7 38. Bf1 f6 39. Nd3 Bd7 40. Rxf5 Rg8 41. Rf3 Rg1 42. Nc5 Bc8 43. Rfe3 Kf7 44. Nxe6 Bxe6 45. Rxe6 Rh4 46. Rxb6 Rf4 47. Rxb7+ Kg6 48. Bd3+ 1-0

[Event "Olympiad-43"]
[Site "Batumi"]
[Date "2018.10.02"]
[Round "8.4"]
[White "Al Thebaiti, Ahmed M"]
[Black "Gafar, Izdine"]
[Result "1/2-1/2"]
[WhiteElo "1988"]
[BlackElo "1984"]
[PlyCount "76"]
[EventDate "2018.09.24"]
[EventType "team-swiss"]
[EventRounds "11"]
[EventCountry "GEO"]
[SourceTitle "CBM 187"]
[Source "ChessBase"]
[SourceDate "2018.12.11"]
[SourceVersion "1"]
[SourceVersionDate "2018.12.11"]
[SourceQuality "1"]
[WhiteTeam "Saudi Arabia"]
[BlackTeam "Mozambique"]
[WhiteTeamCountry "SAU"]
[BlackTeamCountry "MOZ"]

1. d4 d5 2. Bf4 Nf6 3. e3 Bf5 4. c4 e6 5. Nd2 c5 6. Qb3 Qb6 7. Ngf3 Nc6 8. Be2 Be7 9. 0-0 0-0 10. Bg3 Ne4 11. cxd5 Nxg3 12. hxg3 exd5 13. Qxd5 Be6 14. dxc5 Bxc5 15. Qh5 Be7 16. b3 Bf6 17. Rac1 Rad8 18. Ne4 Be7 19. Qb5 Ba3 20. Qxb6 axb6 21. Rcd1 h6 22. Nc3 Bb2 23. Na4 Bf6 24. Nxb6 Nb4 25. Bc4 Bxc4 26. bxc4 Nxa2 27. Nd7 Nc3 28. Nxf6+ gxf6 29. Rxd8 Rxd8 30. Nd4 Rc8 31. Nf5 Rxc4 32. Nxh6+ Kf8 33. Nf5 b5 34. Ra1 Ra4 35. Rxa4 bxa4 36. Kf1 a3 37. Nd4 a2 38. Nb3 Ke7 1/2-1/2

[Event "Olympiad-43"]
[Site "Batumi"]
[Date "2018.09.30"]
[Round "6.77"]
[White "Lwebuga, Ronald"]
[Black "Al Thebaiti, Ahmed M"]
[Result "0-1"]
[WhiteElo "1819"]
[BlackElo "1988"]
[PlyCount "96"]
[EventDate "2018.09.24"]
[EventType "team-swiss"]
[EventRounds "11"]
[EventCountry "GEO"]
[SourceTitle "CBM 187"]
[Source "ChessBase"]
[SourceDate "2018.12.11"]
[SourceVersion "1"]
[SourceVersionDate "2018.12.11"]
[SourceQuality "1"]
[WhiteTeam "Sierra Leone"]
[BlackTeam "Saudi Arabia"]
[WhiteTeamCountry "SIE"]
[BlackTeamCountry "SAU"]

1. c4 Nf6 2. g3 c6 3. Nf3 d5 4. cxd5 cxd5 5. Bg2 e6 6. d4 Nc6 7. 0-0 Bd6 8. Bg5 0-0 9. Nc3 h6 10. Bxf6 Qxf6 11. Nb5 Bb8 12. Rc1 a6 13. Na3 Rd8 14. Nc2 Bd6 15. Ne3 h5 16. a3 a5 17. Re1 a4 18. Qd3 Bd7 19. h4 Na7 20. Ng5 g6 21. Nc2 Bb5 22. Qd2 Nc6 23. e4 Bc7 24. e5 Qe7 25. Re3 Ba5 26. Qd1 Rdc8 27. Rf3 Nd8 28. Rf6 Qf8 29. Bh3 Qg7 30. Ne3 Rxc1 31. Qxc1 Be8 32. Qd1 Nc6 33. g4 Bd8 34. Rf4 Qh6 35. gxh5 Qxh5 36. Ng4 Bxg5 37. hxg5 Qxh3 38. Nf6+ Kg7 39. Rf3 Qh4 40. Rg3 Qxd4 41. Qf1 Nxe5 42. Qh3 Kf8 43. Rc3 Ke7 44. Qh8 Qd1+ 45. Kg2 d4 46. Ng8+ Kd6 47. Rg3 Bc6+ 48. f3 Bxf3+ 0-1

[Event "Olympiad-43"]
[Site "Batumi"]
[Date "2018.09.26"]
[Round "3.77"]
[White "Pillay, Ragul Snega"]
[Black "Al Thebaiti, Ahmed M"]
[Result "1/2-1/2"]
[WhiteElo "1353"]
[BlackElo "1988"]
[PlyCount "111"]
[EventDate "2018.09.24"]
[EventType "team-swiss"]
[EventRounds "11"]
[EventCountry "GEO"]
[SourceTitle "CBM 187"]
[Source "ChessBase"]
[SourceDate "2018.12.11"]
[SourceVersion "1"]
[SourceVersionDate "2018.12.11"]
[SourceQuality "1"]
[WhiteTeam "Seychelles"]
[BlackTeam "Saudi Arabia"]
[WhiteTeamCountry "SEY"]
[BlackTeamCountry "SAU"]

1. d4 d5 2. c4 dxc4 3. e4 e5 4. d5 Nf6 5. Nc3 c6 6. Bxc4 b5 7. Bb3 b4 8. Nce2 Nxe4 9. Nf3 Qc7 10. 0-0 Bd6 11. Qc2 Nf6 12. dxc6 0-0 13. Be3 e4 14. Ng5 Qxc6 15. Qxc6 Nxc6 16. Rfd1 Be7 17. Ng3 Ng4 18. N3xe4 Nxe3 19. fxe3 Bf5 20. Nd6 Bxg5 21. Nxf5 g6 22. h4 Bf6 23. Nd6 Ne5 24. Rd4 Rad8 25. Rf1 Kg7 26. Rd5 h5 27. Rf4 a5 28. Ne4 Rxd5 29. Bxd5 Ng4 30. Nxf6 Nxf6 31. Bc4 Rc8 32. b3 Rc7 33. Rd4 Rc5 34. e4 Re5 35. Bd5 Kf8 36. Kf1 Nxd5 37. exd5 Ke7 38. d6+ Kd7 39. Kf2 f6 40. Kf3 Re8 41. Rd5 Re5 42. Rd4 Rc5 43. Rd2 Rf5+ 44. Ke4 Re5+ 45. Kf4 Re6 46. Rd5 Rxd6 47. Rxa5 Rd4+ 48. Kg3 Ke6 49. Ra4 Rg4+ 50. Kf3 Kd5 51. g3 Kc5 52. Ra6 f5 53. Ra7 Kd4 54. Rc7 Kd3 55. Rc6 Kd2 56. Rc4 1/2-1/2